Welcome to the Holygrace Academy Library

Please use search bar below to get started

THE WORLD OF ARTS (Record no. 1950)

MARC details
000 -LEADER
fixed length control field 00321nam a22001337a 4500
020 ## - INTERNATIONAL STANDARD BOOK NUMBER
ISBN 0-87392-306-0
082 ## - DEWEY DECIMAL CLASSIFICATION NUMBER
Classification number 001
Item number LOG/W
100 ## - MAIN ENTRY--AUTHOR NAME
Personal name LOGAN, FRED
245 ## - TITLE STATEMENT
Title THE WORLD OF ARTS
260 ## - PUBLICATION, DISTRIBUTION, ETC. (IMPRINT)
Place of publication CHICAGO
Name of publisher STANDARD EDUCATIONAL CORPORATION
Year of publication 1985
300 ## - PHYSICAL DESCRIPTION
Number of Pages 191
650 ## - SUBJECT ADDED ENTRY--TOPICAL TERM
Topical Term ARTS REFERENCE
Geographic subdivision UNITED STATES
942 ## - ADDED ENTRY ELEMENTS (KOHA)
Koha item type Books
Holdings
Withdrawn status Lost status Collection code Home library Current library Shelving location Date acquired Source of acquisition Full call number Accession Number Koha item type
    Reference Main Library Main Library SHELF 1-D ENCYCLOPEDIAS G K REFERENCE 12/03/2002 purchase 001 LOG/W 01619 Books